<?xml version="1.0" encoding="UTF-8"?>
<record
    xmlns:xsi="http://www.w3.org/2001/XMLSchema-instance"
    xsi:schemaLocation="http://www.loc.gov/MARC21/slim http://www.loc.gov/standards/marcxml/schema/MARC21slim.xsd"
    xmlns="http://www.loc.gov/MARC21/slim">

  <leader>01857nam a2200217Ia 4500</leader>
  <controlfield tag="001">b4869-31883 </controlfield>
  <controlfield tag="003">IT-MiCISF</controlfield>
  <controlfield tag="008">161014s9999||||xx |||||||||||||| ||und||</controlfield>
  <datafield tag="040" ind1=" " ind2=" ">
    <subfield code="a">IT-MiCISF</subfield>
    <subfield code="c">IT-MiCISF</subfield>
  </datafield>
  <datafield tag="041" ind1=" " ind2=" ">
    <subfield code="a">it</subfield>
  </datafield>
  <datafield tag="100" ind1=" " ind2=" ">
    <subfield code="a">Bandini Tullio (a cura di)</subfield>
  </datafield>
  <datafield tag="245" ind1=" " ind2="0">
    <subfield code="a">Infanzia e abuso sessuale</subfield>
  </datafield>
  <datafield tag="250" ind1=" " ind2=" ">
    <subfield code="a">1a ed.</subfield>
  </datafield>
  <datafield tag="260" ind1=" " ind2=" ">
    <subfield code="a"> Milano</subfield>
    <subfield code="b">Giuffr&#xE8;</subfield>
    <subfield code="c">2000</subfield>
  </datafield>
  <datafield tag="300" ind1=" " ind2=" ">
    <subfield code="a">pp. XVII-424</subfield>
  </datafield>
  <datafield tag="500" ind1=" " ind2=" ">
    <subfield code="a">Bandini T., Gualco B., Scardaccione G., Colucci A., Calvanese E., Lorenzi L., Birkhoff J., Martucci P., Lagazzi M., La Via V., Verde A., Patrizi P., Coda S., Fornari U., Marchetti M., Lomi A., Catanesi R., Amerio L., Marasco M., Spalletta M., Paolucci M.A., De Fazio L., Petralunga S., Maccora V., Travaini G.V., Mungo S., Lavagna L., Prelati M., Gatti U. / abuso-sessuale, infanzia, massmedia, scuola, pornografia, nuovi-media, prostituzione, psicologia, legislazione, prevenzione / In questo volume sono raccolti numerosi contributi di studiosi italiani, volti ad analizzare e a chiarire il problema dell'abuso sessuale sui bambini nel nostro Paese, con riferimento alla classificazione, all'andamento e alla distribuzione del fenomeno, alla percezione sociale dello stesso, ad alcuni tipi di sfruttamento sessuale dei minori a fini di lucro, all'esame clinico degli autori e delle vittime di abuso, alle metodologie di accertamento dei fatti, alle risposte sociali, al trattamento e alla prevenzione del fenomeno stesso. L'intento di quest'opera &#xE8; quello di facilitare, nella nostra societ&#xE0;, la conoscenza dei diversi comportamenti e dei diversi problemi legati all'abuso sessuale dei bambini e di stimolare ulteriori ricerche e studi sul tema nell'ambito del pensiero giuridico e scientifico.</subfield>
  </datafield>
  <datafield tag="650" ind1=" " ind2=" ">
    <subfield code="a"> Infanzia / maltrattamenti-violenza</subfield>
    <subfield code="e">008</subfield>
  </datafield>
  <datafield tag="700" ind1=" " ind2=" ">
    <subfield code="a">Gualco Barbara (a cura di)</subfield>
  </datafield>
  <datafield tag="942" ind1=" " ind2=" ">
    <subfield code="c">BK</subfield>
  </datafield>
  <datafield tag="957" ind1=" " ind2=" ">
    <subfield code="7">1</subfield>
  </datafield>
  <datafield tag="999" ind1=" " ind2=" ">
    <subfield code="a">31883</subfield>
    <subfield code="b">si</subfield>
    <subfield code="g">1</subfield>
    <subfield code="c">212345</subfield>
    <subfield code="d">212345</subfield>
  </datafield>
  <datafield tag="952" ind1=" " ind2=" ">
    <subfield code="0">0</subfield>
    <subfield code="1">0</subfield>
    <subfield code="4">0</subfield>
    <subfield code="6">B_486931883</subfield>
    <subfield code="7">1</subfield>
    <subfield code="a">CISF</subfield>
    <subfield code="b">CISF</subfield>
    <subfield code="d">2016-10-14</subfield>
    <subfield code="l">0</subfield>
    <subfield code="o">b4869-31883 </subfield>
    <subfield code="r">2016-10-14 00:00:00</subfield>
    <subfield code="w">2016-10-14</subfield>
    <subfield code="y">BK</subfield>
    <subfield code="z">Data import 15.10.2016 / by Epidotti, Vaglietti</subfield>
  </datafield>
</record>
